China, the long-lived empire. (Record no. 553033)
[ view plain ]
| 000 -LEADER | |
|---|---|
| fixed length control field | 00447cam a22001331 4500 |
| 082 ## - DEWEY DECIMAL CLASSIFICATION NUMBER | |
| Classification number | 951.04 |
| Author Mark | SCI |
| 100 1# - MAIN ENTRY--PERSONAL NAME | |
| Personal name | Scidmore, Eliza Ruhamah, |
| 9 (RLIN) | 50308 |
| 245 10 - TITLE STATEMENT | |
| Title | China, the long-lived empire. |
| Statement of responsibility, etc. | By Eliza Ruhamah Scidmore ... |
| 260 ## - PUBLICATION, DISTRIBUTION, ETC. | |
| Place of publication, distribution, etc. | New York, |
| Name of publisher, distributor, etc. | The Century Co., |
| Date of publication, distribution, etc. | 1900. |
| 300 ## - PHYSICAL DESCRIPTION | |
| Extent | xv p., 1 l., 466 p. incl. front., illus., plates, ports., plan. |
| Dimensions | 21 cm. |
| 526 ## - STUDY PROGRAM INFORMATION NOTE | |
| Program name | 0 |
| Interest level | 0 |
| Reading level | 0 |
| Title point value | 951_040000000000000_SCI |
| 650 ## - SUBJECT ADDED ENTRY--TOPICAL TERM | |
| Topical term or geographic name entry element | MCE |
| 9 (RLIN) | 379 |
| 942 ## - ADDED ENTRY ELEMENTS (KOHA) | |
| Source of classification or shelving scheme | |
| Koha item type | Book |
| Withdrawn status | Lost status | Source of classification or shelving scheme | Damaged status | Not for loan | Permanent Location | Current Location | Shelving location | Date acquired | Total Checkouts | Full call number | Barcode | Date last seen | Price effective from | Koha item type |
|---|---|---|---|---|---|---|---|---|---|---|---|---|---|---|
| Military College of Engineering (MCE) | Military College of Engineering (MCE) | 01/28/2015 | 951.04 SCI | MCE-ECC .9 | 01/28/2015 | 01/28/2015 | Book |
